Cheshire and Burn's modern law of real property / (Record no. 437)
[ view plain ]
| 000 -LEADER | |
|---|---|
| fixed length control field | 02236cam a2200433 a 4500 |
| 001 - CONTROL NUMBER | |
| control field | 14451969 |
| 003 - CONTROL NUMBER IDENTIFIER | |
| control field | OSt |
| 005 - DATE AND TIME OF LATEST TRANSACTION | |
| control field | 20150625142500.0 |
| 008 - FIXED-LENGTH DATA ELEMENTS--GENERAL INFORMATION | |
| fixed length control field | 060714s2006 enka b 001 0 eng |
| 010 ## - LIBRARY OF CONGRESS CONTROL NUMBER | |
| LC control number | 2006023290 |
| 015 ## - NATIONAL BIBLIOGRAPHY NUMBER | |
| National bibliography number | GBA652407 |
| Source | bnb |
| 016 7# - NATIONAL BIBLIOGRAPHIC AGENCY CONTROL NUMBER | |
| Record control number | 013485616 |
| Source | Uk |
| 020 ## - INTERNATIONAL STANDARD BOOK NUMBER | |
| International Standard Book Number | 0406565457 |
| 035 ## - SYSTEM CONTROL NUMBER | |
| System control number | (OCoLC)ocm70059592 |
| 035 ## - SYSTEM CONTROL NUMBER | |
| System control number | (OCoLC)70059592 |
| 040 ## - CATALOGING SOURCE | |
| Original cataloging agency | DLC |
| Transcribing agency | DLC |
| Modifying agency | UKM |
| -- | BAKER |
| -- | YDXCP |
| -- | OCLCQ |
| -- | C#P |
| -- | DLC |
| 043 ## - GEOGRAPHIC AREA CODE | |
| Geographic area code | e-uk--- |
| 050 00 - LIBRARY OF CONGRESS CALL NUMBER | |
| Classification number | KD829 |
| Item number | .C45 2006 |
| 082 00 - DEWEY DECIMAL CLASSIFICATION NUMBER | |
| Classification number | 346.043 CHE |
| Edition number | 22 |
| 100 1# - MAIN ENTRY--PERSONAL NAME | |
| Personal name | Cheshire, G. C. |
| Fuller form of name | (Geoffrey Chevalier), |
| Dates associated with a name | 1886-1978. |
| 9 (RLIN) | 1269 |
| 240 10 - UNIFORM TITLE | |
| Uniform title | <a href="Modern law of real property">Modern law of real property</a> |
| 245 10 - TITLE STATEMENT | |
| Title | Cheshire and Burn's modern law of real property / |
| Remainder of title | E.H. Burn, |
| 250 ## - EDITION STATEMENT | |
| Edition statement | 15th ed. |
| 260 ## - PUBLICATION, DISTRIBUTION, ETC. (IMPRINT) | |
| Place of publication, distribution, etc | London ; |
| -- | New York : |
| Name of publisher, distributor, etc | Butterworths, |
| Date of publication, distribution, etc | 1982. |
| 300 ## - PHYSICAL DESCRIPTION | |
| Extent | lxxvii, 933 p. : |
| Other physical details | ill. ; |
| Dimensions | 25 cm. |
| 500 ## - GENERAL NOTE | |
| General note | Rev. ed. of: Cheshire's Modern law of real property. 13th ed. 1982. |
| 504 ## - BIBLIOGRAPHY, ETC. NOTE | |
| Bibliography, etc | Includes bibliographical references (p. [1055]-1065) and index. |
| 505 2# - FORMATTED CONTENTS NOTE | |
| Formatted contents note | Introduction to the modern law -- The pattern of development -- The common law system -- Modification of the common law by equity -- Settlements before 1926 -- The simplification of the law: 1925, 1996 and 2002 -- Adverse possession. Limitation of actions -- Real property. Property rights and the meaning of land -- Estates and interests in land -- The estate in fee simple absolute in possession -- Commonhold -- Leasehold interests. |
| 650 #0 - SUBJECT ADDED ENTRY--TOPICAL TERM | |
| Topical term or geographic name as entry element | Real property |
| Geographic subdivision | Great Britain. |
| 9 (RLIN) | 1270 |
| 700 1# - ADDED ENTRY--PERSONAL NAME | |
| Personal name | Burn, E. H. |
| Dates associated with a name | 1922- |
| 9 (RLIN) | 1271 |
| 700 1# - ADDED ENTRY--PERSONAL NAME | |
| Personal name | Cartwright, John, |
| Dates associated with a name | 1957- |
| 9 (RLIN) | 1272 |
| 700 1# - ADDED ENTRY--PERSONAL NAME | |
| Personal name | Cheshire, G. C. |
| Fuller form of name | (Geoffrey Chevalier), |
| Dates associated with a name | 1886-1978. |
| Title of a work | Cheshire's Modern law of real property. |
| 9 (RLIN) | 1273 |
| 856 41 - ELECTRONIC LOCATION AND ACCESS | |
| Materials specified | Table of contents only |
| Uniform Resource Identifier | <a href="http://www.loc.gov/catdir/toc/ecip0617/2006023290.html">http://www.loc.gov/catdir/toc/ecip0617/2006023290.html</a> |
| 856 42 - ELECTRONIC LOCATION AND ACCESS | |
| Materials specified | Publisher description |
| Uniform Resource Identifier | <a href="http://www.loc.gov/catdir/enhancements/fy0725/2006023290-d.html">http://www.loc.gov/catdir/enhancements/fy0725/2006023290-d.html</a> |
| 856 42 - ELECTRONIC LOCATION AND ACCESS | |
| Materials specified | Contributor biographical information |
| Uniform Resource Identifier | <a href="http://www.loc.gov/catdir/enhancements/fy0725/2006023290-b.html">http://www.loc.gov/catdir/enhancements/fy0725/2006023290-b.html</a> |
| 906 ## - LOCAL DATA ELEMENT F, LDF (RLIN) | |
| a | 7 |
| b | cbc |
| c | orignew |
| d | 1 |
| e | ecip |
| f | 20 |
| g | y-gencatlg |
| 942 ## - ADDED ENTRY ELEMENTS (KOHA) | |
| Source of classification or shelving scheme | Dewey Decimal Classification |
| Koha item type | Books |
| Withdrawn status | Lost status | Source of classification or shelving scheme | Damaged status | Not for loan | Home library | Current library | Shelving location | Date acquired | Total Checkouts | Full call number | Barcode | Date last seen | Price effective from | Koha item type |
|---|---|---|---|---|---|---|---|---|---|---|---|---|---|---|
| Dewey Decimal Classification | Law Development Centre Main Library | Law Development Centre Main Library | Text Books and Laws | 04/20/2011 | 346.043 CHE | 198010 | 04/20/2011 | 04/20/2011 | Books | |||||
| Dewey Decimal Classification | Law Development Centre Main Library | Law Development Centre Main Library | Text Books and Laws | 04/20/2011 | 346.043 CHE | 2011/2362 | 04/20/2011 | 04/20/2011 | Books | |||||
| Dewey Decimal Classification | Law Development Centre Main Library | Law Development Centre Main Library | 04/20/2011 | 346.044 BUR | 00001 | 04/20/2011 | 04/20/2011 | Books | ||||||
| Dewey Decimal Classification | Law Development Centre Main Library | Law Development Centre Main Library | Staff Office | 04/20/2011 | 346.044 BUR | 02598 | 02/07/2012 | 04/20/2011 | Books | |||||
| Dewey Decimal Classification | Law Development Centre Main Library | Law Development Centre Main Library | Text Books and Laws | 04/20/2011 | 346.044 BUR | 02599 | 04/20/2011 | 04/20/2011 | Books | |||||
| Dewey Decimal Classification | Law Development Centre Main Library | Law Development Centre Main Library | Text Books and Laws | 04/20/2011 | 346.044 BUR | 198001 | 04/20/2011 | 04/20/2011 | Books | |||||
| Dewey Decimal Classification | Law Development Centre Main Library | Law Development Centre Main Library | Text Books and Laws | 04/21/2011 | 346.044 BUR | 19901 | 04/21/2011 | 04/21/2011 | Books |
